[Event "Belgrade-chT"]
[Site "Belgrade"]
[Date "2016.10.15"]
[Round "7.5"]
[White "Spiric, Igor"]
[Black "Zmijanac, Dusko"]
[Result "1-0"]
[WhiteElo "2272"]
[BlackElo "2127"]
[PlyCount "69"]
[EventDate "2016.10.08"]
[EventType "team-tourn"]
[EventRounds "13"]
[EventCountry "SRB"]
[SourceTitle "CBM 175 Extra"]
[Source "ChessBase"]
[SourceDate "2016.12.12"]
[SourceVersion "1"]
[SourceVersionDate "2016.12.12"]
[SourceQuality "1"]
[WhiteTeam "Romanticari"]
[BlackTeam "Post Stedionica"]
[WhiteTeamCountry "SRB"]
[BlackTeamCountry "SRB"]

1. b3 b5 2. e3 Bb7 3. Bb2 a6 4. Nf3 e6 5. c4 b4 6. d4 Nf6 7. Nbd2 c5 8. Bd3 d6 9. dxc5 dxc5 10. Qe2 Be7 11. e4 Qc7 12. e5 Nfd7 13. Ne4 Nc6 14. Ng3 0-0-0 15. 0-0-0 g5 16. h3 h5 17. Ne4 Ndxe5 18. Nxe5 Nxe5 19. Bc2 f6 20. Nxg5 Bxg2 21. Nxe6 Rxd1+ 22. Rxd1 Bf3 23. Qxf3 Nxf3 24. Nxc7 Kxc7 25. Be4 Ng5 26. Bf5 Rd8 27. Rxd8 Bxd8 28. Kd2 Kd6 29. Ke3 Ne6 30. f4 Ke7 31. Ke4 Bc7 32. Bxe6 Kxe6 33. f5+ Ke7 34. Kd5 Bd6 35. Bxf6+ 1-0

[Event "Belgrade-chT"]
[Site "Belgrade"]
[Date "2016.10.14"]
[Round "6.4"]
[White "Zmijanac, Dusko"]
[Black "Savic, Nemanja"]
[Result "1/2-1/2"]
[WhiteElo "2127"]
[BlackElo "2135"]
[PlyCount "131"]
[EventDate "2016.10.08"]
[EventType "team-tourn"]
[EventRounds "13"]
[EventCountry "SRB"]
[SourceTitle "EXT 2017"]
[Source "ChessBase"]
[SourceDate "2016.10.25"]
[SourceVersion "1"]
[SourceVersionDate "2016.10.25"]
[SourceQuality "1"]
[WhiteTeam "Post Stedionica"]
[BlackTeam "Mirijevo"]
[WhiteTeamCountry "SRB"]
[BlackTeamCountry "SRB"]

1. d4 Nf6 2. Bg5 Ne4 3. Bf4 d5 4. Nd2 Bf5 5. e3 Nxd2 6. Qxd2 e6 7. Nf3 c5 8. Bxb8 Qxb8 9. Bb5+ Kd8 10. Bd3 Bxd3 11. cxd3 cxd4 12. exd4 f6 13. 0-0 Bd6 14. Rfe1 Qc8 15. Re2 Qd7 16. Rae1 Re8 17. g3 Rc8 18. Re3 Rc6 19. a3 Bb8 20. R1e2 Ke7 21. Nh4 Kf7 22. f4 Rec8 23. Kg2 a6 24. Qe1 Rc2 25. Qf2 Rxe2 26. Rxe2 Rc6 27. Nf3 Qc8 28. h4 b5 29. h5 a5 30. Nh4 b4 31. axb4 axb4 32. f5 b3 33. Qf3 Rc2 34. Kh3 Rxe2 35. Qxe2 exf5 36. Qf3 f4+ 37. g4 Qe6 38. Ng2 Qd6 39. Nh4 g6 40. Qg2 Qe6 41. hxg6+ hxg6 42. Qf3 Qe3 43. Qxe3 fxe3 44. Kg2 e2 45. Nf3 Bf4 46. Kf2 Bc1 47. Kxe2 Bxb2 48. Nd2 Bxd4 49. Nxb3 Bb6 50. Kf3 Ke6 51. d4 f5 52. gxf5+ Kxf5 53. Ke3 g5 54. Nc1 Bc7 55. Ne2 Bf4+ 56. Kd3 g4 57. Nc3 Ke6 58. Ke2 Bc7 59. Kf2 Bf4 60. Kg2 Bc7 61. Kf2 Bd6 62. Kg2 Bf4 63. Kf2 Bc7 64. Kg2 Bd6 65. Kf2 Be7 66. Kg3 1/2-1/2

[Event "Belgrade-chT"]
[Site "Belgrade"]
[Date "2016.10.09"]
[Round "2.6"]
[White "Zmijanac, Dusko"]
[Black "Sarenac, David"]
[Result "0-1"]
[WhiteElo "2127"]
[BlackElo "2312"]
[PlyCount "70"]
[EventDate "2016.10.08"]
[EventType "team-tourn"]
[EventRounds "13"]
[EventCountry "SRB"]
[SourceTitle "EXT 2017"]
[Source "ChessBase"]
[SourceDate "2016.10.25"]
[SourceVersion "1"]
[SourceVersionDate "2016.10.25"]
[SourceQuality "1"]
[WhiteTeam "Post Stedionica"]
[BlackTeam "Belgrade Sigurnost"]
[WhiteTeamCountry "SRB"]
[BlackTeamCountry "SRB"]

1. d4 d5 2. Nf3 Nf6 3. c4 dxc4 4. Qa4+ Nc6 5. Qxc4 Bg4 6. Nbd2 e6 7. a3 Bd6 8. b4 0-0 9. Bb2 Bh5 10. Rc1 Qe7 11. e3 Rac8 12. Bd3 a5 13. b5 Nb8 14. Qa4 Nbd7 15. 0-0 Nb6 16. Qb3 a4 17. Qa2 c5 18. bxc6 bxc6 19. Rc2 c5 20. Rfc1 cxd4 21. Nxd4 Rxc2 22. Rxc2 Bg6 23. Bxg6 hxg6 24. Nb5 Bb8 25. Bd4 Nfd7 26. Nc4 Nd5 27. Na5 Qh4 28. h3 Qh5 29. Qb1 Ne5 30. f4 Nd7 31. Nc6 g5 32. Nxb8 Rxb8 33. fxg5 Qxg5 34. Kf2 Qf5+ 35. Kg1 Nc7 0-1

[Event "Belgrade-chT"]
[Site "Belgrade"]
[Date "2016.10.08"]
[Round "1.2"]
[White "Jovanovic, Zoran Z"]
[Black "Zmijanac, Dusko"]
[Result "0-1"]
[WhiteElo "2254"]
[BlackElo "2127"]
[PlyCount "64"]
[EventDate "2016.10.08"]
[EventType "team-tourn"]
[EventRounds "13"]
[EventCountry "SRB"]
[SourceTitle "EXT 2017"]
[Source "ChessBase"]
[SourceDate "2016.10.25"]
[SourceVersion "1"]
[SourceVersionDate "2016.10.25"]
[SourceQuality "1"]
[WhiteTeam "Belgrade Vodovod"]
[BlackTeam "Post Stedionica"]
[WhiteTeamCountry "SRB"]
[BlackTeamCountry "SRB"]

1. c4 e5 2. g3 Nc6 3. Bg2 d6 4. Nc3 Be6 5. d3 Qd7 6. b4 g6 7. Rb1 Bg7 8. Nd5 Nge7 9. h4 h6 10. b5 Nd8 11. e4 c6 12. Nxe7 Qxe7 13. h5 g5 14. Bh3 0-0 15. Bxe6 Nxe6 16. Nf3 f5 17. 0-0 Qf7 18. exf5 Qxf5 19. Nh2 Nc5 20. bxc6 bxc6 21. Ba3 Nxd3 22. Bxd6 Rfd8 23. Ba3 e4 24. Qg4 Qe5 25. Rb7 c5 26. Qe2 Qe6 27. Ng4 Qxc4 28. Rfb1 Qe6 29. Rxg7+ Kxg7 30. Bb2+ Kf7 31. Bc3 Rab8 32. Rf1 Rd5 0-1